Statystyki dla Puchar Świata - klasyfikacja za sezon 1994/95

Kliknij tutaj aby rozwiązać quiz!

Ogólne statystyki

  • Ten quiz został rozwiązany 9 razy
  • Średni wynik to 19 z 96

Statystyki odpowiedzi

NrSkoczekNarodowośćPkt% Poprawnych
51.Adam MałyszPolska40
89%
1.Andreas GoldbergerAustria1571
78%
3.Janne AhonenFinlandia869
78%
4.Kazuyoshi FunakiJaponia843
78%
2.Roberto CeconWłochy935
78%
5.Takanobu OkabeJaponia821
67%
26.Andreas WidhoelzlAustria169
56%
15.Espen BredesenNorwegia356
56%
7.Jani SoininenFinlandia606
56%
Masahiko HaradaJaponia27
56%
12.Nicolas DessumFrancja443
56%
33.Roar LjoekelsoeyNorwegia96
56%
11.Tomi NieminenFinlandia464
56%
Wojciech SkupieńPolska30
56%
Heinz KuttinAustria24
44%
6.Jens WeissflogNiemcy683
44%
8.Ari-Pekka NikkolaFinlandia572
33%
16.Jakub SuchacekCzechy338
33%
34.Jaroslav SakalaCzechy91
33%
10.Lasse OttesenNorwegia472
33%
53.Martin HoellwarthAustria37
33%
9.Mika LaitinenFinlandia564
33%
54.Risto JussilainenFinlandia34
33%
Sven HannawaldNiemcy26
33%
Alexander HerrNiemcy9
22%
23.Bruno ReutelerSzwajcaria182
22%
44.Christof DuffnerNiemcy57
22%
28.Didier MollardFrancja129
22%
18.Dieter ThomaNiemcy240
22%
25.Jin'ya NishikataJaponia171
22%
Jiri ParmaCzechy102
22%
63.Kazuhiro HigashiJaponia26
22%
55.Kent JohanssenNorwegia32
22%
13.Nicolas Jean-ProstFrancja421
22%
14.Reinhard SchwarzenbergerAustria394
22%
59.Samo GostisaSłowenia27
22%
81.Stefan ZundSzwajcaria10
22%
24.Urban FrancSłowenia180
22%
Werner RathmayrAustria27
22%
Bjoern MyrbakkenNorwegia40
11%
20.Franci PetekSłowenia215
11%
37.Frantisek JezCzechy86
11%
22.Gerd SiegmundNiemcy200
11%
17.Hansjoerg JaekleNiemcy270
11%
27,.Hiroya SaitohJaponia151
11%
45.Ingemar MayrAustria51
11%
58.Ivo PertileWłochy28
11%
86.Jani KlingaFinlandia8
11%
43.Jaroslav KahanekCzechy61
11%
56.Jerome GayFrancja30
11%
Kazuya YoshiokaJaponia13
11%
Kimmo SavolainenFinlandia24
11%
40.Lucas Chevalier-GirodFrancja66
11%
Marian BielcikSłowacja9
11%
88.Masayuki SatoJaponia6
11%
Mikael MartinssonSzwecja26
11%
19.Naoto ItoJaponia225
11%
Ralph GebstedtNiemcy91
11%
Ronny HornschuhNiemcy26
11%
73.Sturle HolseterNorwegia20
11%
39.Sylvain FrelholzSzwajcaria69
11%
67.Vesa HakalaFinlandia24
11%
46.Werner HaimAustria50
11%
Werner SchusterAustria1
11%
36.Zbynek KrompolcCzechy90
11%
Alf DylbieNorwegia13
0%
48.Andreas SchererNiemcy48
0%
21.Christian MoserAustria202
0%
41.Dejan JukovecSłowenia65
0%
76.Eirik HalvorsenNorwegia13
0%
Frode HaareNorwegia48
0%
91.Gerhard SchallertAustria3
0%
50.Herge BrendryenNorwegia41
0%
82.Hitoshi SakuraiJaponia9
0%
Jani SaloFinlandia9
0%
80.Janne VaeaetaeinenFinlandia11
0%
Johan RasmussenSzwecja27
0%
89.Jostein SmebyNorwegia5
0%
90.Jun ShibuyaJaponia4
0%
Kurt BoersetNorwegia1
0%
75.Ladislav DluhosCzechy18
0%
Marko BogatajSłowenia1
0%
38.Martin TrunzSzwajcaria85
0%
72.Matjaz KladnikSłowenia22
0%
Naoki YasuzakiJaponia129
0%
31.Rico MeinelNiemcy102
0%
30.Robert MeglicSłowenia108
0%
Sepp ZehnderSzwajcaria8
0%
79.Steffen SiebertNiemcy12
0%
Stein Henrik TuffNorwegia20
0%
Takayuki SasakiJaponia3
0%
47.Tero KoponenFinlandia49
0%
Tero TurkkiFinlandia23
0%
70.Yannick RevuzFrancja23
0%
42.Yukitaka FukitaJaponia62
0%
93.Zoran ZupancicSłowenia1
0%

Rozkład punktacji

Percentyl według liczby udzielonych odpowiedzi

Procent ludzi z każdym wynikiem

Twoja historia wyników

Nie rozwiązałeś tego quizu